Word Ladder: It Could Go Either Way Quiz Stats

 Plays Quiz Updated Jan 23, 2016

Challenge
Share
Tweet
Embed
Score 0/17 Timer 02:00
0 Plays Today
Route 1 4-Letter Word % Correct
Fly highSOAR/POUT
92.4%
Measure of pickled peppersPECK/LICK
92.1%
Go afterSEEK/LOOK
91.3%
Go badSOUR/POUR
90.6%
Take a ganderPEEK/LOCK
87.2%
ClairvoyantSEER/LOOT
86.9%
ScorchSEAR/LOUT
85.9%
_____ better believe itYOU'D/YOUS
81.8%
British noblemanLORD/SODS
81.6%
Route 1 4-Letter Word % Correct
Folk talesLORE/SOTS
77.4%
CacophonousLOUD/YODS
74.4%
Whittle downPARE/SITH
73.9%
What you can do in this puzzle: _____ [Middle Rung][Last Rung]PICK
70.3%
What you can do in this puzzle: [First Rung] _____ [Last Rung]YOUR
70%
Facial featurePORE/SITS
69.9%
Fancy spreadPÂTÉ/PITH
54.2%
What you can do in this puzzle: [First Rung] [Middle Rung] _____PATH
41.5%

Today's Daily Dose

Missing Word
Entertainment 'L'

Word Ladder
Fingers

Quick Pick
When in Rome

On This Day
December 15th II

You're not logged in!

Compare scores with friends on all Sporcle quizzes.
OR
Log In

You Might Also Like...

Show Comments

Extras

Top Quizzes Today


Score Distribution

Your Account Isn't Verified!

In order to create a playlist on Sporcle, you need to verify the email address you used during registration. Go to your Sporcle Settings to finish the process.

Report this User

Report this user for behavior that violates our Community Guidelines.

Details: